Siete grandes cuentos fantásticos : una semana de buena lectura /
Guardado en:
| Autor Principal: | |
|---|---|
| Formato: | Libro |
| Publicado: |
Buenos Aires :
Capital Intelectual,
2013
|
| Materias: | |
| Etiquetas: |
Agregar Etiqueta
Sin Etiquetas, Sea el primero en etiquetar este registro!
|
| LEADER | 01082nam a22002535a 4500 | ||
|---|---|---|---|
| 001 | CEM.cems014277 | ||
| 005 | 20140407123218.0 | ||
| 008 | 130507s2013##################000#0#####d | ||
| 003 | CEMS | ||
| 020 | |a 9789876140645 | ||
| 082 | 0 | 4 | |a 808.8 |
| 100 | 1 | |a Gliemmo, Graciela | |
| 245 | 1 | 0 | |a Siete grandes cuentos fantásticos : |b una semana de buena lectura / |c Selección y Prólogo de Graciela Gliemmo |
| 260 | |a Buenos Aires : |b Capital Intelectual, |c 2013 | ||
| 300 | |a 128 p. | ||
| 505 | 0 | |a Rip-Rip / Manuel Gutiérrez Nájera -- El anillo de Thoth / Arthur Conan Doyle -- ¿Quién sabe? / Guy de Maupassant -- Una historia de fantasmas / Mark Twain -- Angélina o la casa encantada / Emile Zola -- La desaparición de Honoré Subrac / Antón Chévoj -- El fantasma / Catherine Wells | |
| 653 | |a Literatura | ||
| 653 | |a Cuentos | ||
| 653 | |a Cuentos-antología | ||
| 653 | |a Cuentos fantásticos | ||
| 653 | |a Narrativa | ||
| 653 | |a Narrativa fantástica | ||
| 653 | |a Ministerio de educación-colección literaria | ||
| 859 | |a CEMS |b BIB. CEMS - 11 de abril |h 808.8 |i G498-1 |p 2109.14 |t Ej.1 | ||
